Statistics for Countries From Four Words #8

Click here to take the quiz!

General Stats

  • This quiz has been taken 262 times
  • The average score is 23 of 36

Answer Stats

Country% Correct
Mali
81%
Iran
80%
Ireland
78%
Laos
77%
Oman
77%
Austria
76%
Niger
76%
Cuba
74%
Iceland
74%
Burma
73%
Algeria
68%
Serbia
68%
Tonga
68%
Guinea
67%
Romania
66%
Samoa
66%
Angola
65%
Sudan
65%
Armenia
64%
Estonia
64%
Gabon
64%
Belgium
63%
Gambia
63%
Israel
63%
Brunei
62%
Malta
62%
Belarus
60%
Bulgaria
60%
Suriname
60%
Cambodia
56%
Croatia
56%
Somalia
56%
Uganda
56%
Ecuador
52%
Grenada
48%
Macedonia
42%

Score Distribution

Percentile by Number Answered

Percent of People with Each Score

Your Score History

You have not taken this quiz